000 00691nam a2200241Ia 4500
003 OSt
005 20220923214938.0
006 a|||||r|||| 00| 0
007 ta
008 220922b |||||||| |||| 00| 0 hin d
024 _a173,988
037 _cTextual
040 _aARTS
_cARTS
_bhin
041 _2hin
_ahin
082 _aO152,6N23x, K2
100 _aगुर्टू, शचीरानी
_9156271
245 0 _aवैचारिकी
246 _aVaichārikī
260 _c1962
650 _aहिन्दी साहित्य
_9156264
942 _hO152,6N23x, K2
_cTEXL
_2CC
999 _c327807
_d327807